| 000 | 00427nam a22001817a 4500 | ||
|---|---|---|---|
| 003 | OSt | ||
| 005 | 20250318130802.0 | ||
| 008 | 250318b |||||||| |||| 00| 0 eng d | ||
| 020 | _a97893930500045 | ||
| 082 |
_a8H3 _bCLAB |
||
| 100 | _aClason, George S. | ||
| 245 | _aBabylon ka sabse ameer aadmi | ||
| 260 |
_aGurugram _bLexicon Books |
||
| 300 | _a143 | ||
| 546 | _aHindi | ||
| 651 | _aHindi fiction | ||
| 942 |
_2ddc _cBK |
||
| 999 |
_c3731 _d3731 |
||